Singles by The Temptations - Statistics

General Stats
  • This quiz has been taken 6 times
  • The average score is 13 of 53
Answer Stats
Hint Answer % Correct
3 Ball of Confusion (That's What the World Is Today)
100%
1 My Girl
100%
1 Papa Was a Rollin' Stone
100%
1971 1 Just My Imagination (Running Away with Me)
80%
13 Ain't Too Proud to Beg
60%
3 Beauty Is Only Skin Deep
60%
6 Cloud Nine
60%
26 Girl (Why You Wanna Make Me Blue)
60%
1 I Can't Get Next to You
60%
1968 4 I Wish It Would Rain
60%
17 Since I Lost My Baby
60%
1964 11 The Way You Do the Things You Do
60%
1966 29 Get Ready
40%
8 (I Know) I'm Losing You
40%
1969 2 I'm Gonna Make You Love Me
40%
1965 18 It's Growing
40%
6 Runaway Child, Running Wild
40%
1975 26 Shakey Ground
40%
6 You're My Everything
40%
20 Don't Let the Joneses Get You Down
20%
83 Don't Look Back
20%
35 Hey Girl (I Like Your Style)
20%
13 My Baby
20%
1980 43 Power
20%
1970 7 Psychedelic Shack
20%
1982 66 Standing on the Top
20%
1991 10 The Motown Song
20%
1984 48 Treat Her Like a Lady
20%
33 Ungena Za Ulimwengu (Unite the World)
20%
1981 67 Aiming at Your Heart
0%
1967 8 All I Need
0%
37 Glasshouse
0%
40 Happy People
0%
1974 43 Heavenly
0%
13 I Could Never Love Another (After Loving You)
0%
33 I'll Be in Trouble
0%
25 I'll Try Something New
0%
51 It's Summer
0%
1976 54 Keep Holdin' On
0%
1986 47 Lady Soul
0%
27 Let Your Hair Down
0%
14 (Loneliness Made Me Realize) It's You That I Need
0%
1983 88 Love on My Mind Tonight
0%
1973 7 Masterpiece
0%
92 Mother Nature
0%
40 Plastic Man
0%
26 Please Return Your Love to Me
0%
54 Sail Away
0%
18 Superstar (Remember How You Got Where You Are)
0%
1972 30 Take a Look Around
0%
46 The Weight
0%
94 Up the Creek (Without a Paddle)
0%
74 You've Got My Soul on Fire
0%
No matching quizzes found
Score Distribution
Percent of People with Each Score
Percentile by Number Answered
Your Score History
You have not taken this quiz